| 000 | 00997nam a2200301 i 4500 | ||
|---|---|---|---|
| 003 | EG-GICUC | ||
| 005 | 20260121101204.0 | ||
| 008 | 251110s1943 fr d|||f |||| 000 0 fre d | ||
| 040 |
_aEG-GiCUC _bfre _cEG-GiCUC _dEG-GiCUC _eRda |
||
| 041 | 0 | _afre | |
| 082 | 0 | 4 |
_221 _a338.82 _bDE . M |
| 092 | 0 | 4 | _221 |
| 099 | _aLaw1 13 338.82 DE . M 1943 | ||
| 100 | 1 |
_aDenis, Henri _eAuteur |
|
| 245 | 1 | 3 |
_aLe Monopole Bilatéral \ _cHenri Denis. |
| 264 |
_aParis : _bPresses Universitaires De France, _c1943. |
||
| 300 |
_a101 page : _billustration ; graphiques _c 22 cm. |
||
| 336 |
_2rda contenu _a texte |
||
| 337 |
_2rda medias _aOrdinateur |
||
| 338 |
_2 transporteur rda _a Ressource en ligne |
||
| 490 | _aTheoria Études Sur La Theorie Moderne De L'économie | ||
| 546 | _aTexte en français | ||
| 650 | 1 |
_aFinances publiques et législation fiscale _2qrmak |
|
| 651 | 1 | _2qrmak | |
| 856 | 4 | 0 | _uhttps://fll.law.cu.edu.eg/fulltext/bks/B13-05716.pdf |
| 905 | _a70 | ||
| 942 |
_2ddc _cBK _e21 _n0 |
||
| 999 |
_c42191 _d42191 |
||